Medizin-Quiz 2 - Statistiken

Allgemein
  • Dieses Quiz wurde 1.741 mal gespielt
  • Das Durchschnittsergebnis liegt bei 9 aus 15
Antwortstatistiken
Beschreibung Begriff % Korrekt
durch das HIV-Virus ausgelöste Geschlechtskrankheit AIDS
94%
Ohrgeräusche wie Pfeifen und Summen, können sowohl akut als auch chronisch auftreten Tinnitus
92%
Teilgebiet der Medizin, das sich mit Krankheiten der Haut auseinandersetzt Dermatologie
87%
Hauptschlagader Aorta
83%
Krankheit, bei der die Atemwege verengt sind, Anfälle können zu Atemnot führen, medikamentös gut behandelbar Asthma
76%
Blutvergiftung Sepsis
73%
Chromosom, das ausschließlich Männer haben Y-Chromosom
73%
Entzündung der Schleimhäute in den Bronchien Bronchitis
69%
Entwicklungsstörung, die sich im sozialen Umgang und über Auffälligkeiten der verbalen und nonverbalen Kommunikation zeigt Autismus
60%
schwerwiegende Knieverletzung, von der oftmals Spitzensportler betroffen sind, Folge: monatelange Regeneration Kreuzbandriss
56%
DNS ausgeschrieben Desoxyribonukleinsäure
46%
körpereigenes Stresshormon Cortisol
44%
teilweise oder vollständige Unterbrechung der Darmpassage, lebensbedrohlich, bedarf sofortiger Behandlung Darmverschluss
42%
Bezeichnung für nach dem Tod auftretende Verfärbungen der Haut, die durch Ansammlung von Blut entstehen Totenflecken
28%
Krampfadern Varizen
27%
Keine übereinstimmenden Quizze gefunden
Verteilung der Resultate
Anzahl Personen mit jedem Resultat
Perzentil nach korrekt beantworteten Fragen
Ihre Resultats-Entwicklung
Sie haben dieses Quiz noch nicht gespielt